000 01921 a2200241 4500
001 38379
005 20260407155647.0
008 260407a1992 arg spa d
003 AR-UNSa-BCEJYS
040 _aAR-UNSa-BCEJYS
_bspa
_cAR-UNSa-BCEJYS
080 _a913(82)
_xGeografía de Argentina
245 1 0 _aLa Argentina
_pgeografía general y los marcos regionales
020 _a950-742-234-X
250 _a2a. ed.
264 1 _aBuenos Aires :
_bPlaneta
_c1992
300 _a801 p.
_c23 cm.
505 _aParte I: 1. Conformación del sistema político territorial - 2. Los ambientes naturales del territorio argentino - 3. Las etapas de ocupación del territorio argentino, una rápida expansión con valoración parcial del territorio - 4. Población y economía, geografía de las formas económicasy de los asentamientos - 5. Urbanización y sistema urbano - 6. Los transportes y las comunicaciones - 7. Comercio e intercambio - Parte II: Geografía regional. Los conjuntos regionales : 1. Regionalización - 2. La región metropolitana de Buenos Aires, una desproporcionada concentración - 3. La macrorregión pampeana agroganadera con industrias urbanas y portuarias - 4. Región agro-silvo-ganadera con frentes pioneros de ocupación del norte - 5. La región del Noroeste argentino:paisajes heterogéneos con economía mixta - 6. Región de los núcleos económicos fragmentados de las sierras pampeanas, con oasis pobres y economías de subsistencia - 7. Región de los núcleos económicos fragmentados de las sierras pampeanas, con oasis pobres y economías de subsistencia - 8. Patagonia, un medio duro, dominio de ovejas, con focos pioneros de ocupación e industria promovidas
041 _aspa
942 _cBK
590 _aniveau_biblio:m niveau_hierar:0
100 1 _aRoccatagliata, Juan A.
856 4 1 _uhttps://biblioeco.unsa.edu.ar/pmb/images/libros/L58530.jpg
_yImagen de portada
_qimage/jpeg
999 _c2877
_d2877